Sports Quiz

Random Sports or Hockey Quiz

Top 10 Countries in Men's Sports Quiz Stats

 Plays Quiz not verified by Sporcle

Score 0/50 Timer 05:00
35 Plays Today
Times in Top 10 Rankings Countries % Correct
5United States
98.7%
4Canada
92.9%
1China
92.2%
6France
91.6%
4Australia
90%
3Russia
89.3%
4Spain
89.1%
3Germany
88.6%
3Brazil
88.3%
2Japan
87.9%
2India
87.6%
5Argentina
84.2%
2Italy
81.9%
3New Zealand
81.5%
1Mexico
80%
5 *England
79.7%
2Sweden
78.7%
1United Kingdom
76.2%
1Ireland
75.1%
2South Africa
73.1%
1Portugal
70.8%
1Finland
68.7%
2Netherlands
67.9%
2Switzerland
65%
2South Korea
64.8%
Times in Top 10 Rankings Countries % Correct
1Pakistan
64.6%
1Latvia
62.4%
1 †West Indies
61.6%
3Belgium
61.3%
1Denmark
60.1%
1Poland
58.1%
1 *Scotland
55.8%
1Cuba
53.9%
1Greece
53.3%
3Croatia
52.8%
1 *Wales
52.4%
1Austria
51.6%
3Serbia
48.8%
1Czech Republic
47.3%
1Slovakia
41.6%
1Uruguay
40.9%
1Bangladesh
37.9%
1Sri Lanka
37.6%
1Slovenia
35.7%
1Iran
35.5%
1Venezuela
32.2%
1Lithuania
31.8%
1Fiji
31.5%
2Taiwan
26.2%
1Afghanistan
26%

You're not logged in!

Compare scores with friends on all Sporcle quizzes.
OR
Log In

Show Comments

Extras

Top Quizzes Today


Score Distribution

Your Account Isn't Verified!

In order to create a playlist on Sporcle, you need to verify the email address you used during registration. Go to your Sporcle Settings to finish the process.

Report this User

Report this user for behavior that violates our Community Guidelines.

Details: